Most Player of the Month Premier league - Statistics

General Stats
  • This quiz has been taken 27 times
  • The average score is 11 of 12
Answer Stats
how many times they won, main club they played for Answer % Correct
Chelse Midfielder (4) Frank Lampard
96%
Tottenham Hotspur’s Striker (6) Harry Kane
96%
Manchester City Striker (7) Sergio Aguero
96%
Arsenal Left Winger (4) Thierry Henry
96%
Liverpool Midfielder (6) Steven Gerrard
93%
Manchester United Striker (5) Wayne Rooney
93%
Newcastle Striker (4) Alan Shearer
89%
Leicester City Striker (4) Jamie Vardy
89%
Manchester United Midfielder (4) Paul Scholes
89%
Manchester United Left Winter (4) Cristiano Ronaldo
85%
Arsenal Striker (5) Robin Van persie
81%
Arsenal Striker (4) Dennis Bergkamp
70%
No matching quizzes found
Score Distribution
Percent of People with Each Score
Percentile by Number Answered
Your Score History
You have not taken this quiz